Countries with YELLOW colour in their flags. - Statistics

General Stats
  • This quiz has been taken 1,579 times
  • The average score is 51 of 84
Answer Stats
Answer % Correct
China
84%
Germany
80%
Brazil
79%
Spain
79%
Colombia
78%
Sweden
78%
Belgium
77%
Venezuela
77%
Ukraine
76%
Ecuador
75%
Romania
75%
Vietnam
75%
Andorra
74%
Chad
73%
Southafrica
72%
Vatican City
72%
Guinea
71%
Argentina
69%
Mali
69%
Cameroon
68%
Ghana
67%
Bolivia
66%
Guinea Bissau
66%
Uruguay
66%
Kazakhstan
65%
Lithuania
65%
Republic of Congo
64%
Senegal
64%
Zimbabwe
64%
Angola
63%
Democratic Republic of Congo
63%
Ethiopia
63%
Moldova
63%
Palau
63%
Guyana
62%
Jamaica
62%
Seychelles
61%
Bahamas
60%
Barbados
60%
Central African Republic
59%
St Lucia
59%
Suriname
59%
Togo
59%
Antigua and Barbuda
58%
Benin
58%
Brunei
58%
Mauritius
58%
Portugal
58%
St Vincent and Grenadines
58%
Uganda
58%
Kyrgyzstan
57%
Rwanda
56%
St Kitts and Nevis
56%
Bosnia and Herzegovina
55%
Egypt
55%
Gabon
55%
Grenada
55%
Sri Lanka
54%
Dominica
53%
Fiji
53%
Mauritania
53%
Mongolia
53%
Mozambique
53%
Tanzania
53%
Comoros Islands
52%
Eritrea
52%
Malaysia
52%
Tuvalu
52%
Vanuatu
52%
Burkina Faso
51%
Kiribati
51%
Sao Tomé and Príncipe
51%
Nauru
50%
Macedonia
48%
Namibia
48%
East Timor
47%
Kosovo
46%
Papua New Guinea
45%
Philippines
45%
Liechtenstein
43%
Solomon Islands
43%
Cape Verde
42%
Swaziland
36%
Serbia
33%
No matching quizzes found
Score Distribution
Percent of People with Each Score
Percentile by Number Answered
Your Score History
You have not taken this quiz